| 000 | 01612cam a22003011i 4500 | ||
|---|---|---|---|
| 003 | SA-RiAUC | ||
| 005 | 20260316132116.0 | ||
| 008 | 260116s1934 ||| g 000 0 ara c | ||
| 040 |
_aSA-JeALM _bara _cSA-RiAUC _erda |
||
| 082 | 0 | 4 | _a811.064009 |
| 090 |
_aم ن 811.064009 _bا ب ن ع |
||
| 100 | 1 |
_aابن عطاء الله الإسكندري، أحمد بن محمد بن عبد الكريم، _d658-709 هجري _eمؤلف. |
|
| 245 | 1 | 0 |
_aعنوان التوفيق في آداب الطريق : _bوهو شرح لقصيدة أبي مدين الغوث / _cتاج الدين أبو الفضل أحمد بن عطاء الله السكندري. ويليه تخميس القصيدة / ابن عربي. |
| 264 | 1 |
_a[مكان النشر غير محدد] : _b[الناشر غير محدد]، _c[1934] |
|
| 264 | 3 |
_aالقاهرة : _bالمطبعة العثمانية المصرية |
|
| 300 |
_a16 صفحة؛ _c29 سم. |
||
| 336 |
_aنص _btxt _2rdacontent _3كتاب |
||
| 337 |
_aبدون وسيط _bn _2rdamedia |
||
| 338 |
_aمجلد _bnc _2rdacarrier |
||
| 500 | _aتوجد ملاحظات من الشيخ في داخل الكتاب. | ||
| 650 | 7 |
_aالشعر العربي الصوفي _xتاريخ ونقد _2aucsh |
|
| 700 | 1 | 2 |
_aأبو مدين التلمساني، شعيب بن الحسن، _dتوفي 594 هجري |
| 700 | 1 | 2 |
_aابن عربي، محمد بن علي بن محمد، _d560-638 هجري |
| 740 | 0 | 2 | _aقصيدة أبي مدين الغوث. |
| 740 | 0 | 2 | _aتخميس قصيدة أبي مدين الغوث. |
| 942 |
_2ddc _cRBOOK COPY _n0 |
||
| 949 |
_aSA-JeALM _d260116 _umohamedma123 _n1 |
||
| 999 |
_c14636 _d14636 |
||